000 01015nam a2200241Ia 4500
999 _c40820
_d40820
001 7460
003 GE_BSU
005 20231213180430.0
008 181216s1973||||ge |||||||||||||| ||geo||
040 _cGE_BSU
041 _ageo
080 _a821.353.1-1 დ-71
100 _aდოლბაია, ვაჟა
_920714
245 _aამაღლება :
_bლექსები /
_cვაჟა დოლბაია ; რედ. გრ. ჯულუხიძე ; მხატვ. გ. კალაძე, სპ. ცინცაძე.
264 _aთბილისი :
_bმერანი,
_c1973.
300 _a122 გვ. :
_b1ფ პორტრ;
_c18 სმ.
653 _aამაღლება
653 _aლექსები
700 _aჯულუხიძე, გრ.
_eრედაქტორი
_94382
700 _aკალაძე, გ.
_eმხატვარი
_920718
700 _aცინცაძე, სპ.
_eმხატვარი
_93670
942 _cBK
_2udc